000 00593nam a2200181Ia 4500
008 090122s9999 xx 000 0 und d
082 _b11984
100 _aलिंबाळे
_bशरणकुमार
245 _aदलित ब्राह्मण
260 _bदीलीपराज
_c2007
300 _a208
501 _aदीलीपराज प्रकाशन - 18.8.07
600 _aलिंबाळे
630 _aदलित ब्राह्मण
700 _aलिंबाळे
730 _aदलित ब्राह्मण
942 _cBOOK
999 _c36061
_d36061